Gentilicios random - Estadísticas

Estadísticas generales
  • Esta prueba ha sido intentada 183 veces
  • La puntuación promedio es 12 de 15
Estadísticas de respuestas
Hint Respuesta % Correcto
Belgica Belga
99%
India Indio
94%
Austria Austriaco
91%
Republica Dominicana Dominicano
90%
Iran Iraní
90%
Somalia Somalí
90%
Dinamarca Danés
89%
Pakistan Pakistaní
86%
Panamá panameño
85%
Bosnia y herzegovina Bosnio
83%
Haití Haitiano
83%
Argelia Argelino
78%
Arabia saudí Saudita
59%
Chile Chilenos
24%
papúa nueva guinea Papuanos
12%
No se encontraron pruebas coincidentes
Distribución de puntuación
Porcentaje de gente con cada puntuación
Porcentaje por número respondido
Historial de tus puntuaciones
No has intentado esta prueba.